000 00190 a2200097 4500
020 _a9781558852488
041 _aeng
100 _aJose Yglesias
245 _aA wake in ybor city
942 _cBK
999 _c13810
_d13810